| 000 | 00781nac a22002417a 4500 | ||
|---|---|---|---|
| 001 | BR9700693 | ||
| 003 | BR-BrBNA | ||
| 005 | 20240105121838.0 | ||
| 008 | 230509b bl.|||m| |||| 00| 0 por d | ||
| 040 |
_aBR-BrBNA _bpor _cBiblioteca Nacional de Agricultura |
||
| 072 | _aP36 | ||
| 090 | _aP36 BR9700693 | ||
| 100 | 1 | _aMorillas Junior, J.P. | |
| 110 | 1 |
_aFederacao dos Clubes Agricolas do Estado de Sao Paulo, SP (Brasil) _94654 |
|
| 245 | 1 | _aConservacao do solo | |
| 260 | 3 |
_aSao Paulo, SP (Brasil): _c[nd]. |
|
| 300 | _a16 p. | ||
| 490 |
_aClubes Agricolas - Federacao dos Clubes Agricolas do Estado de Sao Paulo (Brazil) _vno. 20 _x |
||
| 500 | _a14 illus. | ||
| 650 | _aConservacao do Solo | ||
| 909 |
_a202312 _bLúcia Elande _c55 _dLúcia Elande |
||
| 942 |
_2AGRIS _n0 _cMS |
||
| 999 |
_c287802 _d287802 |
||